| Tag |
First Indicator |
Second Indicator |
Subfields |
| LEADER |
00000cas a22000004a 4500 |
| 001 |
in00001825613 |
| 005 |
20151026053712.0 |
| 006 |
m d |
| 007 |
cr cn--------- |
| 008 |
020923c20029999enk x pss 0 0eng c |
| 010 |
|
|
|a 2002253353
|
| 016 |
7 |
|
|a 101147698
|2 DNLM
|
| 022 |
|
|
|a 1476-4598
|
| 035 |
|
|
|a (OCoLC)ocm50650686
|
| 040 |
|
|
|a WAU
|c WAU
|d OCLCQ
|d ORE
|d NLM
|d UtOrBLW
|
| 042 |
|
|
|a lcd
|
| 049 |
|
|
|a TXAM
|
| 210 |
0 |
0 |
|a Mol cancer
|
| 245 |
0 |
0 |
|a Molecular cancer.
|
| 264 |
|
1 |
|a [London] :
|b BioMed Central,
|c 2002-
|
| 336 |
|
|
|a text
|b txt
|2 rdacontent
|
| 337 |
|
|
|a computer
|b c
|2 rdamedia
|
| 338 |
|
|
|a online resource
|b cr
|2 rdacarrier
|
| 362 |
0 |
|
|a 1:1 (2002)-
|
| 500 |
|
|
|a Title from caption (viewed Sept. 23, 2002).
|
| 500 |
|
|
|a Latest issue consulted: 1:2 (2002).
|
| 538 |
|
|
|a Mode of access: World Wide Web.
|
| 500 |
|
|
|a Electronic resource.
|
| 650 |
|
0 |
|a Cancer
|x Molecular aspects
|v Periodicals.
|
| 650 |
|
2 |
|a Molecular Biology
|v periodicals.
|
| 650 |
|
2 |
|a Neoplasms
|v Periodicals.
|
| 948 |
|
|
|a cataloged
|b h
|c 2004/4/7
|d c
|e rstovall5
|f 2:03:18 pm
|
| 994 |
|
|
|a E0
|b TXA
|
| 999 |
|
|
|a MARS
|
| 999 |
f |
f |
|s a050c849-436b-3f59-9735-5cdbbddc50d1
|i c1b795fa-890b-30af-a459-1a0b53a53557
|t 0
|
| 952 |
f |
f |
|a Texas A&M University
|b College Station
|c Electronic Resources
|d Available Online
|t 0
|g Electronic
|h No information provided
|
| 998 |
f |
f |
|t 0
|l Available Online
|